00397nam a2200109Ia 4500008004100000100002000041245009800061260008400159650001700243650001100260700001600271220216s9999 xx 000 0 und d aReznichenko S V 0aPresent state and development trends of material science of mechanical rubber goods in Russia bProceedings of the International Rubber Conference, Kobe, Japan, 1995; p715-718 aRubber goods aRussia aMorozov Y L